Score 0/15 Timer 05:00
1 Play Today
% Correct
Jennifer Aniston
96%
Jennifer Lawrence
85.2%
Jennifer Hudson
83.8%
Jennifer Garner
82.7%
Jennifer Grey
81.5%
Jennifer Love Hewitt
78.2%
Jennifer Connelly
75.8%
Jennifer Lopez
74.4%
% Correct
Jennifer Carpenter
65.4%
Jennifer Jason Leigh
60%
Jennifer Tilly
58.9%
Jennifer Coolidge
58%
Jennifer Morrison
58%
Jennifer Ehle
52.5%
Jennifer Esposito
44.1%
Remove Ads.
Support Sporcle.
Get the best of Sporcle when you Go Orange. This ad-free experience offers more features, more stats, and more fun while also helping to support Sporcle. Thank you for becoming a member.

You're not logged in!

Compare scores with friends on all Sporcle quizzes.
OR
Log In

Show Comments

Extras

Top Quizzes Today


Score Distribution

Your Account Isn't Verified!

In order to create a playlist on Sporcle, you need to verify the email address you used during registration. Go to your Sporcle Settings to finish the process.

Report this User

Report this user for behavior that violates our Community Guidelines.

Details: